=LDR 00000nam 2200000 4500 =001 INLIS000000000036199 =005 20230922094610 =035 ##$$a 0010-061300000036199 =008 230922################g##########0#ind## =041 ##$$a0010-061300000036199 =090 ##$$aaInd =100 ##$$a Saptorini, Koeshartati =245 1#$$a Seri Sains Dasar Bulan /$c Koeshartati Saptorini =260 ##$$a Jakarta :$b Gramedia,$c 2009 =300 ##$$a 32 hlm : $b Ilus ; $c 14x21 cm. =850 ##$$a Pendidikan dasar-sains =020 ##$$a 9798-979-27-5741-5 =082 ##$$a 372.3 =084 ##$$a 372.3 SAP s =990 ##$$a 32813281 =990 ##$$a 21102167 =990 ##$$a 20142014 =990 ##$$a 21102164 =990 ##$$a 21102167